1756 1957 1581 1139 1960 1519 1226 1440 1860 1891 1127 1983 1855 1678 1578 1523 1292 1468 1594 1295 1563 1797 1969 1727 1656 1132 1294 1442 1871 1168 1701 1783 1171 1866 1859 1319 1976 1211 1353 1772 1557 1793 1019 2000 1355 1339 1860 1048 1373 1797 1074 1653 1232 1995 1804 1594 1671 1210 1622 1581 1377 1031 1041 1267 1995 1645 1180 1119 1163 1997 1880 1326 1977 1240 1747 1574 1741 1360 1687 1195 1692 1750 1138 1283 1984 1268 1870 1413 1131 1445 1474 1000 1626 1996 1989 1994 1031 1552 1613 BCNSPRNW ULIB Ver.6.0+V

เปลี่ยนเป็นภาษาไทย

Change to English
 แสดงรายละเอียดบรรณานุกรม
  กลับหน้าหลัก

Brief Record : Get Marc (ISO 2709) : E-mail record : QR code < ปิดหน้าต่าง
LEADER : 00000nam 2200000uu 4500
001    13399126330
003     ULIB
008    180909s2560||||th 000 0 tha d
020    ^a9789990122947
040    ^abcn
060 04 ^aWY157^bก437
245 10 ^aการพยาบาลและการผดุงครรภ์ : สตรีที่มีภาวะแทรกซ้อน / ^cบรรณาธิการ,นันทพร แสนศิริพันธ์, ฉวี เบาทรวง
250    ^aพิมพ์ครั้งที่ 1.
260    ^aเชียงใหม่ :^bโครงการตำรา คณะพยาบาลศาสตร์ มหาวิทยาลัยเชียงใหม่,^c2560.
300    ^a372 หน้า :^bภาพประกอบ ;^c26 ซม.
504    ^aมีบรรณานุกรมและดรรชนี
505 0  ^aบทที่ 1 การพยาบาลสตรีที่มีภาวะตกเลือดในระยะตั้งครรภ์ -- บทที่ 2 การพยาบาลสตรีที่มีภาวะความดันโลหิตสูงขณะตั้งครรภ์ -- บทที่ 3 การพยาบาลสตรีที่มีภาวะแทรกซ้อนทางอายุรกรรม -- บทที่ 4 การพยาบาลสตรีที่มีภาวะถุงน้ำคร่ำแตกก่อนการเจ็บครรภ์และภาวะเจ็บครรภ์คลอดก่อนกำหนด -- บทที่ 5 การพยาบาลสตรีที่มีภาวะครรภ์แฝดน้ำ ภาวะน้ำคร่ำน้อยภาวะทารกเจริญเติบโตช้าในครรภ์และภาวะอาเจียนรุนแรง -- บทที่ 6 การพยาบาลสตรีมีครรภ์วัยรุ่นสตรีมีครรภ์สูงวัยสตรีมีครรภ์ไม่พึงประสงค์ สตรีมีครรภ์ที่ใช้สารเสพติด และสตรีมีครรภ์ที่ถูกกระทำรุนแรง -- บทที่ 7 การพยาบาลสตรีที่มีความผิดปกติของการคลอด -- บทที่ 8 การพยาบาลสตรีที่มีภาวะแทรกซ้อนฉุกเฉินทางสูติศาสตร์ -- บทที่ 9 การพยาบาลสตรีที่ได้รับการช่วยคลอดด้วยสูติศาสตร์หัตถการ -- บทที่ 10 การพยาบาลสตรีที่มีภาวะแทรกซ้อนในระยะหลังคลอด -- บทที่ 11 การพยาบาลสตรีที่มีความผิดปกติด้านจิตใจในระยะหลังคลอด -- บทที่ 12 การพยาบาลสตรีที่มีบุตรผิดปกติหรือเสียชีวิต
650  4 ^aการคลอด
650  4 ^aการพยาบาลสูติศาสตร์
650  4 ^aความเจ็บปวด
700 0  ^aนันทพร แสนศิริพันธ์,^eบรรณาธิการ
700 0  ^aฉวี เบาทรวง,^eบรรณาธิการ
710 2  ^aมหาวิทยาลัยเชียงใหม่. ^bคณะพยาบาลศาสตร์
945    ^p300^l0^i26568
945    ^p300^l0^i26569
999    ^aกัณชพร จุลอักษร
รายการนี้ยังไม่มีแท็ก
คุณยังไม่ได้ล็อกอิน คุณสามารถมีกิจกรรมร่วมกับเว็บไซต์ได้ แต่ต้องล็อกอินก่อน ::
  ล็อกอิน

รายการสื่อสารสนเทศ

ลำดับที่ ประเภท เลขเรียก/บาร์โค้ด สถานที่ สถานะ
1. หนังสือสำรอง
หนังสือสำรอง
WY157 ก437 ฉ.1 
  Barcode: 26568
ห้องสมุดวิทยาเขตนครสวรรค์
►หนังสือทั่วไป:l:General Books
บนชั้น
2. วิทยาศาสตร์การแพทย์ และสุขภาพ
วิทยาศาสตร์การแพทย์ และสุขภาพ
WY157 ก437 ฉ.2 
  Barcode: 26569
ห้องสมุดวิทยาเขตนครสวรรค์
►หนังสือทั่วไป:l:General Books
บนชั้น

รายการใกล้เคียง
    หัวเรื่อง [การคลอด]
    หัวเรื่อง [การพยาบาลสูติศาสตร์]
    หัวเรื่อง [ความเจ็บปวด]

BibComment


ยังไม่เคยถูกคอมเมนท์

คอมเมนท์ทรัพยากรรายการนี้
  คอมเมนท์: การพยาบาลและการผ..


 Copyright 2026. Bcnsprnw @Library